[Event "CFriend AP-2005-Q-00011 email"]
[Site "Chessfriend.com"]
[Date "2005.05.23"]
[Round "1"]
[White "Sowislok, Joanna"]
[Black "Mircea, Mitrescu"]
[Result "0-1"]
[WhiteElo "2214"]
[BlackElo "1850"]
[PlyCount "34"]
[EventDate "2005.??.??"]
[EventType "tourn (corr)"]
[EventRounds "12"]
[SourceTitle "Corr 2024"]
[Source "ChessBase"]
[SourceDate "2023.10.19"]
[SourceVersion "1"]
[SourceVersionDate "2023.10.19"]
[SourceQuality "1"]

1. e4 c5 2. c3 d5 3. exd5 Qxd5 4. d4 Nc6 5. Nf3 Nf6 6. dxc5 Qxd1+ 7. Kxd1 e5 8. b4 Bg4 9. Kc2 a5 10. Bb5 Nd7 11. Bxc6 bxc6 12. Re1 f6 13. Nd4 Kd8 14. Nxc6+ Kc7 15. Nxa5 Nxc5 16. Nd2 Bf5+ 17. Kd1 Nd3 0-1

[Event "CFriend AP-2005-Q-00011 email"]
[Site "Chessfriend.com"]
[Date "2005.05.23"]
[Round "1"]
[White "Sowislok, Joanna"]
[Black "Schilling, Hans"]
[Result "1/2-1/2"]
[WhiteElo "2214"]
[BlackElo "1801"]
[PlyCount "26"]
[EventDate "2005.??.??"]
[EventType "tourn (corr)"]
[EventRounds "12"]
[SourceTitle "Corr 2024"]
[Source "ChessBase"]
[SourceDate "2023.10.19"]
[SourceVersion "1"]
[SourceVersionDate "2023.10.19"]
[SourceQuality "1"]

1. d4 Nf6 2. c4 e6 3. Nc3 d5 4. cxd5 exd5 5. Bg5 c6 6. e3 Be7 7. Bd3 Ne4 8. Bxe7 Qxe7 9. Bxe4 dxe4 10. Nge2 0-0 11. 0-0 f5 12. Nf4 Be6 13. d5 Bxd5 1/2-1/2

[Event "CFriend AP-2004-Q-00013 email"]
[Site "Chessfriend.com"]
[Date "2004.06.17"]
[Round "?"]
[White "Sowislok, Joanna"]
[Black "Buczinski, Henryk"]
[Result "1-0"]
[WhiteElo "1800"]
[BlackElo "2326"]
[PlyCount "63"]
[EventDate "2004.??.??"]
[EventType "tourn (corr)"]
[EventRounds "12"]
[SourceTitle "Corr 2008"]
[Source "ChessBase"]
[SourceDate "2008.06.24"]
[SourceVersion "1"]
[SourceVersionDate "2008.06.24"]
[SourceQuality "1"]

1. d4 Nf6 2. c4 e6 3. Nc3 Bb4 4. Qc2 0-0 5. a3 Bxc3+ 6. Qxc3 b6 7. Bg5 Bb7 8. e3 d6 9. Ne2 Nbd7 10. Qd3 e5 11. Nc3 exd4 12. exd4 Re8+ 13. Be2 Bxg2 14. Rg1 Bb7 15. 0-0-0 Qc8 16. d5 Ne5 17. Qc2 Ned7 18. Bd3 g6 19. f4 Nh5 20. f5 Ne5 21. Be2 Ng7 22. Ne4 Rf8 23. Nf6+ Kh8 24. Qe4 Nxf5 25. Rdf1 Rg8 26. Ng4 Ng7 27. Nxe5 dxe5 28. Rxf7 Qe6 29. Rgf1 Qd6 30. Bf6 Rae8 31. Qh4 Qf8 32. Be7 1-0

[Event "CFriend AP-2004-Q-00013 email"]
[Site "Chessfriend.com"]
[Date "2004.06.17"]
[Round "?"]
[White "Sowislok, Joanna"]
[Black "Kolus, Wojciech"]
[Result "1-0"]
[WhiteElo "1800"]
[BlackElo "1850"]
[PlyCount "59"]
[EventDate "2004.??.??"]
[EventType "tourn (corr)"]
[EventRounds "12"]
[SourceTitle "Corr 2008"]
[Source "ChessBase"]
[SourceDate "2008.06.24"]
[SourceVersion "1"]
[SourceVersionDate "2008.06.24"]
[SourceQuality "1"]

1. e4 d6 2. d4 Nf6 3. Nc3 g6 4. Be3 c6 5. h3 Bg7 6. f4 Qb6 7. Qc1 0-0 8. Bd3 Na6 9. a3 d5 10. e5 Ne8 11. Nf3 f6 12. g4 Qa5 13. Qd2 Nb4 14. Be2 Na6 15. Rg1 Nec7 16. f5 b5 17. fxg6 hxg6 18. Nh4 g5 19. Nf5 Rf7 20. exf6 exf6 21. h4 Bxf5 22. gxf5 gxh4 23. 0-0-0 b4 24. Na2 Ne8 25. Bh6 Qb6 26. Bh5 b3 27. Bxf7+ Kxf7 28. Nc3 bxc2 29. Rde1 Rb8 30. Na4 1-0

[Event "CFriend AP-2004-Q-00013 email"]
[Site "Chessfriend.com"]
[Date "2004.06.17"]
[Round "?"]
[White "Walker, Soledad"]
[Black "Sowislok, Joanna"]
[Result "0-1"]
[WhiteElo "1910"]
[BlackElo "1800"]
[PlyCount "50"]
[EventDate "2004.??.??"]
[EventType "tourn (corr)"]
[EventRounds "12"]
[SourceTitle "Corr 2008"]
[Source "ChessBase"]
[SourceDate "2008.06.24"]
[SourceVersion "1"]
[SourceVersionDate "2008.06.24"]
[SourceQuality "1"]

1. d4 Nf6 2. e3 g6 3. Nf3 Bg7 4. Bd3 0-0 5. c4 d6 6. 0-0 c5 7. Bc2 Nc6 8. Nc3 Bg4 9. dxc5 dxc5 10. Qe2 Ne5 11. Rd1 Qc8 12. Ne4 Qe6 13. h3 Bxf3 14. Nxf6+ exf6 15. gxf3 Qxh3 16. Be4 f5 17. Bxb7 Rab8 18. Bd5 Rfd8 19. Qf1 Nxf3+ 20. Bxf3 Qxf3 21. Re1 Qg4+ 22. Kh1 Rb4 23. f4 Rxb2 24. Bxb2 Rd2 25. Qg1 Qf3+ 0-1